000 00716nam a22002657a 4500
003 CHAP
005 20220817043311.0
008 971013s1976 r 00010 d
010 _a71131
011 _a72103
035 _a81657
040 _cCHAP
082 _a634.81
_bG35
100 0 0 _aGalet, Pierre.
_944236
245 _aPrécis de viticulture
250 _a3 ed.
260 _aMontpellier :
_bDEHAN,
_c1976
300 _a584 p.
_b: ilus.
590 _aBATCH-UPD
_b10
_c20130110
_lUCH01
_h1131
590 _aCONVERSION
_b10
_c20130109
_lUCH01
_h1339
650 1 4 _aViticultura.
901 _aBK
942 _cLIBRO
949 _a634.81 G35
_bBC
_cLIBRO
_d33724000211280
_eLIBRO
_h52287
_i81657
_mDirecto
_si
_t987.00
999 _c71131
_d71131